Chanteurs par lettre. B - Statistiques

Statistiques générales
  • Ce quiz a été pris 386 fois
  • Le résultat moyen est 11 sur 15
Statistiques - réponses
Chansons Chanteurs % Correct
Ma philosophie / Jusqu'au bout Amel Bent
95%
Tous les cris les S.O.S / Vivre ou survivre Daniel Balavoine
93%
Qui a le droit / Place des grands hommes Patrick Bruel
88%
Ne me quitte pas / Vesoul Jacques Brel
82%
Halo / Crazy in love Beyoncé
79%
Hey Jude / Let it be Les Beatles
79%
L'aigle noir / Nantes Barbara
75%
Quelques mots d'amour / La groupie du pianiste Michel Berger
73%
Baby / Sorry Justin Bieber
71%
Coups et blessures / Dis-moi BB Brunes
70%
Les copains d'abord / Gare au gorille Georges Brassens
70%
La nuit je mens / Osez Joséphine Alain Bashung
52%
Scarface / Mona Lisa Booba
50%
Laisse moi t'aimer / Qui saura Mike Brant
47%
Slide / Djomb Bosh
38%
Aucun quiz correspondant
Distribution des résultats
% des personnes avec chaque résultat
Percentile par nombre de réponses
Votre historique - résultats
Vous n’avez pas pris ce quiz